| 000 | 02117nam a2200493 i 4500 | ||
|---|---|---|---|
| 001 | 52166 | ||
| 003 | KOSZ 005 | ||
| 005 | 20221019084222.0 | ||
| 008 | 211203s2006 pl a f 000 0 pol | ||
| 015 | _aPB 2006/22477 | ||
| 040 |
_aWA N _cWA N _dKOSZ 005/HR _dKOSZ 005/RW |
||
| 041 | 0 |
_apol _beng |
|
| 046 | _k2006 | ||
| 080 | _a621.922/.924 | ||
| 080 | _a621.791/.795 | ||
| 080 | _a004.94 | ||
| 100 | 1 |
_aStępień, Piotr _c(budowa i eksploatacja maszyn) _eAutor |
|
| 245 | 1 | 0 |
_aPodstawy kształtowania regularnej struktury geometrycznej powierzchni w procesach szlifowania / _cPiotr Stępień ; [recenzenci: Andrzej Gołąbczak, Wojciech Kacalak]. |
| 260 |
_aKoszalin : _bWydawnictwo Uczelniane Politechniki Koszalińskiej, _c2006. |
||
| 300 |
_a396, [2] stron : _bilustracje ; _c25 cm. |
||
| 336 |
_aTekst _btxt _2rdacontent |
||
| 337 |
_aBez urządzenia pośredniczącego _bn _2rdamedia |
||
| 338 |
_aWolumin _bnc _2rdacarrier |
||
| 380 | _aKsiążki | ||
| 380 | _aPublikacje naukowe | ||
| 388 | 1 | _a2001- | |
| 490 | 1 | _aMonografia Wydziału Mechanicznego / Politechnika Koszalińska | |
| 500 | _aNr: 125 oraz ISSN: 0239-7129 odnoszą się do serii pierwotnej: Monografie - Wyższa Szkoła Inżynierska w Koszalinie. | ||
| 504 | _aBibliografia na stronach [357]-377. | ||
| 546 | _aStreszczenie w języku angielskim. | ||
| 650 | 7 | _aInżynieria powierzchni | |
| 650 | 7 | _aStruktura geometryczna powierzchni | |
| 650 | 7 | _aSymulacja | |
| 650 | 7 | _aSzlifowanie | |
| 655 | 7 | _aMonografia | |
| 658 | _aInżynieria i technika | ||
| 700 | 1 |
_aGołąbczak, Andrzej _eRecenzja |
|
| 700 | 1 |
_aKacalak, Wojciech _d(1945- ) _eRecenzja |
|
| 710 | 2 |
_aWydawnictwo Uczelniane (Politechnika Koszalińska) _4pbl |
|
| 830 | 0 | _aMonografia Wydziału Mechanicznego - Politechnika Koszalińska | |
| 856 |
_uhttp://dlibra.tu.koszalin.pl/dlibra/docmetadata?id=292&from=&dirids=1&ver_id=&lp=1&QI= _yBiblioteka Cyfrowa |
||
| 856 |
_uhttp://koha.tu.koszalin.pl/cgi-bin/koha/opac-detail.pl?biblionumber=52166 _yKatalog online BPK |
||
| 942 |
_2UKD _cKS |
||
| 999 |
_c52166 _d52166 |
||